Les 20 villes les plus peuplées de la Meuse (55) - Statistiques

Statistiques générales
  • Ce quiz a été pris 55 fois
  • Le résultat moyen est 8 sur 20
Statistiques - réponses
HINT HINT ANSWER % Correct
16 610 V Verdun
98%
14 615 B Bar-le-Duc
93%
5 332 C Commercy
85%
3 449 É Étain
68%
3 848 S Saint-Mihiel
68%
3 696 L Ligny-en-Barrois
60%
2 428 S Stenay
43%
2 018 M Montmédy
35%
2 583 A Ancerville
33%
2 088 F Fains-Véel
30%
3 168 T Thierville-sur-Meuse
28%
1 916 V Vaucouleurs
28%
1 606 V Void-Vacon
28%
1 635 E Euville
25%
3 023 B Belleville-sur-Meuse
23%
2 600 R Revigny-sur-Ornain
23%
1 581 V Vigneulles-lès-Hattonchâtel
18%
1 452 D Dieue-sur-Meuse
15%
2 428 B Bouligny
10%
1 644 C Cousances-les-Forges
5%
Aucun quiz correspondant
Distribution des résultats
% des personnes avec chaque résultat
Percentile par nombre de réponses
Votre historique - résultats
Vous n’avez pas pris ce quiz